<?xml version="1.0" encoding="UTF-8"?>
<collection xmlns="http://www.loc.gov/MARC21/slim">
 <record>
  <leader>01538nam a2200193Ia 4500</leader>
  <controlfield tag="001">CTU_210928</controlfield>
  <controlfield tag="008">210402s9999    xx            000 0 und d</controlfield>
  <datafield tag="082" ind1=" " ind2=" ">
   <subfield code="a">333.91</subfield>
  </datafield>
  <datafield tag="082" ind1=" " ind2=" ">
   <subfield code="b">N557</subfield>
  </datafield>
  <datafield tag="245" ind1=" " ind2="0">
   <subfield code="a">Nước và các vấn đề liên quan :</subfield>
  </datafield>
  <datafield tag="245" ind1=" " ind2="0">
   <subfield code="b">Phương pháp và tính đa ngành trong phân tích</subfield>
  </datafield>
  <datafield tag="245" ind1=" " ind2="0">
   <subfield code="c">Stéphane Lagrée (Biên tập khoa học)</subfield>
  </datafield>
  <datafield tag="260" ind1=" " ind2=" ">
   <subfield code="a">Hà Nội</subfield>
  </datafield>
  <datafield tag="260" ind1=" " ind2=" ">
   <subfield code="b">Tri Thức</subfield>
  </datafield>
  <datafield tag="260" ind1=" " ind2=" ">
   <subfield code="c">2013</subfield>
  </datafield>
  <datafield tag="520" ind1=" " ind2=" ">
   <subfield code="a">Giới thiệu những bài tham luận và thảo luận được thực hiện trong Khoá học mùa hè về khoa học xã hội tại trường Đại học Đà Lạt trình bày dưới góc độ phương pháp luận và đa ngành các vấn đề liên quan đến nuớc: phương pháp nhân học, kinh tế học, chính trị, pháp lý và phương pháp mô hình hoá. Bốn chuyên đề trọng tâm về: không gian biển, nguy cơ và quản trị; tăng trưởng đô thị, nhu cầu xã hội, cung cấp dịch vụ nước sách, xử lý nước thải; quản lý nước về mặt xã hội và kinh tế trong khuôn khổ đào tạo kỹ thuật điều tra điền dã; phương pháp lập mô hình đa tác tử.</subfield>
  </datafield>
  <datafield tag="650" ind1=" " ind2=" ">
   <subfield code="a">Tài nguyên nước,Water resources</subfield>
  </datafield>
  <datafield tag="904" ind1=" " ind2=" ">
   <subfield code="i">Võ Thị Việt Trinh,Hải</subfield>
  </datafield>
  <datafield tag="980" ind1=" " ind2=" ">
   <subfield code="a">Trung tâm Học liệu Trường Đại học Cần Thơ</subfield>
  </datafield>
 </record>
</collection>
